| 000 | 00367nam a2200133Ia 4500 | ||
|---|---|---|---|
| 008 | 240624s9999 xx 000 0 und d | ||
| 041 | _aeng | ||
| 082 | _a658.4 EYN | ||
| 100 | _aEYNDE DONALD F VAN | ||
| 245 | _aORGANIZATION DEVELOPMENT CLASSICS THE PR | ||
| 260 |
_c1997 _aSan Francisco _bJossey-Bass Publishers |
||
| 300 | _axxviii, : 308 : p. : cm. ; 25 | ||
| 365 | _c | ||
| 999 |
_c4013 _d4013 |
||